000
00303nam a22001337a 4500
008
170606b xxu||||| |||| 00| 0 eng d
020
_a
2900131932936
041
_a
eng
080
_2
3RD
_a
94(4)
100
_a
18
101
_a
SHH
245
_a
A HISTORY OF MODERN FRANCE
_c
POPKIN,J.D
942
_2
udc
_c
BK
999
_c
16001
_d
16001